Elizabeth Brunner : (Record no. 63741)

MARC details
000 -LEADER
fixed length control field 02485nam a22003617a 4500
005 - DATE AND TIME OF LATEST TRANSACTION
control field 20120305112958.0
010 ## - LCCN (DPL NO)
LC control number ENG-104858 B-460889-893
020 ## - INTERNATIONAL STANDARD BOOK NUMBER
International Standard Book Number 9788189738921
Terms of availability 2495.00
035 ## - SYSTEM CONTROL NUMBER
System control number EN-88391 B-460889-893
037 ## - SOURCE OF ACQUISITION
Source of stock number/acquisition DBAD/PUB
037 ## - SOURCE OF ACQUISITION
Source of stock number/acquisition Virtuous Pub/Ven
082 ## - DEWEY DECIMAL CLASSIFICATION NUMBER
Classification number 759.9439
100 ## - MAIN ENTRY--PERSONAL NAME
Personal name Brunner, Elizabeth
Dates associated with a name 1910-2001
245 ## - TITLE STATEMENT
Title Elizabeth Brunner :
Statement of responsibility, etc edied by Imre Lázár ; foreworded by Kapila Vatsyayan
Remainder of title her life, her words /
260 ## - PUBLICATION, DISTRIBUTION, ETC. (IMPRINT)
Place of publication, distribution, etc New Delhi
Name of publisher, distributor, etc Indira Gandhi National Centre for the Arts
-- Niyogi Books
Date of publication, distribution, etc 2011
270 ## - ADDRESS
Address D-78, Okhla Industrial Area, Phase-I
City New Delhi
Postal code 110020
300 ## - PHYSICAL DESCRIPTION
Extent 357p. :
Dimensions 29cm(Hb)
Other physical details ill. (chiefly col.)
500 ## - GENERAL NOTE
General note "Published ... in cooperation with the Hungarian Information and Cultural Centre, New Delhi on the occasion of the birth centenary of Elizabeth Brunner"--T.p. verso.
500 ## - GENERAL NOTE
General note "Bibliography of the Brunner family" (p. 325-350) and index.
520 ## - SUMMARY, ETC.
Summary, etc Autobiography of an Hungerian artist.
600 ## - SUBJECT ADDED ENTRY--PERSONAL NAME
Personal name Brunner, Elizabeth
Dates associated with a name 1910-2001
650 ## - SUBJECT ADDED ENTRY--TOPICAL TERM
Topical term or geographic name as entry element Women painters
Geographic subdivision Hungary
Form subdivision Biography.
700 ## - ADDED ENTRY--PERSONAL NAME
Personal name Lazar, Imre
9 (RLIN) 43393
710 ## - ADDED ENTRY--CORPORATE NAME
Corporate name or jurisdiction name as entry element Indira Gandhi National Centre for the Arts.
9 (RLIN) 43394
942 ## - ADDED ENTRY ELEMENTS (KOHA)
Source of classification or shelving scheme Dewey Decimal Classification
Item type English Books
Classification part 759.9439
Call number suffix BRU
Holdings
Withdrawn status Lost status Not for loan Collection code Home library Current library Date acquired Source of acquisition Cost, normal purchase price Full call number Barcode Copy number Cost, replacement price Koha item type
      Reference Central Library Central Library 15/06/2012 Virtuous Pub/936/04.02.2012/28/18.01.2012/10.02.2012 2495.00 759.9439 BRU B-460889 1 2495.00 English Books
    Not For Loan Non-fiction D.B.Act.Division D.B.Act.Division 05/03/2012 DBAD/PUB 2495.00 759.9439 BRU EN-88391 1 2495.00 English Books
    Not For Loan Reference Karol Bagh Karol Bagh 15/06/2012 Virtuous Pub/936/04.02.2012/28/18.01.2012/10.02.2012 2495.00 759.9439 BRU B-460892 1 2495.00 English Books
      Reference Patel Nagar Patel Nagar 15/06/2012 Virtuous Pub/936/04.02.2012/28/18.01.2012/10.02.2012 2495.00 759.9439 BRU B-460890 1 2495.00 English Books
      Reference Sarojini Nagar Sarojini Nagar 15/06/2012 Virtuous Pub/936/04.02.2012/28/18.01.2012/10.02.2012 2495.00 759.9439 BRU B-460891 1 2495.00 English Books
    Not For Loan Reference Shahdara Branch Shahdara Branch 15/06/2012 Virtuous Pub/936/04.02.2012/28/18.01.2012/10.02.2012 2495.00 759.9439 BRU B-460893 1 2495.00 English Books

© Delhi Public Library
Hit Counter
free hit counter